| 000 | 00399nam a2200157Ia 4500 | ||
|---|---|---|---|
| 008 | 231030s9999||||xx |||||||||||||| ||und|| | ||
| 020 | _a9.7893859351e+012 | ||
| 082 |
_a658 _bSha/O |
||
| 100 | _aSharma j.k. | ||
| 245 | 0 | _aOperations research theory and applications | |
| 250 | _a6 th Edition | ||
| 260 |
_aNew Delhi _bUniversity science press |
||
| 260 | _c2024 | ||
| 300 | _a943p | ||
| 942 | _cBK | ||
| 999 |
_c42214 _d42214 |
||